| 000 | 00986nas a2200325 4500 | ||
|---|---|---|---|
| 001 | BR0305812 | ||
| 003 | BR-BrBNA | ||
| 005 | 20231205104206.0 | ||
| 007 | ta | ||
| 008 | 230509b bl.|||p| |||| 00| 00por d | ||
| 040 |
_aBR-BrBNA _bpor _cBiblioteca Nacional de Agricultura |
||
| 041 | _a(Pt) | ||
| 072 | _aF02; Q52 | ||
| 100 | 1 | _aVillela, T.E.A. | |
| 100 | 1 | _aPinho, R.G. von | |
| 100 | 1 | _aGomes, M. de S. | |
| 100 | 1 | _aEvangelista, A.R. | |
| 100 | 1 | _aFerreira, D.V. | |
| 245 | 1 | _aConsequências do atraso na época de semeadura e de ensilagem em características agronômicas do milho | |
| 650 | _aMILHO | ||
| 650 | _aSEMEADURA | ||
| 650 | _aENSILAGEM | ||
| 650 | _aÉPOCA DE CORTE | ||
| 650 | _aCARACTERÍSTICAS AGRONÔMICAS | ||
| 650 | _aVARIEDADE | ||
| 650 | _aMINAS GERAIS | ||
| 773 | 0 |
_tCiência e Agrotecnologia (Brazil) _xISSN 1413-7054 _g(Mar-Apr 2003), v. 27(2) p. 271-277 _wBR0305812 |
|
| 909 |
_a202311 _bLúcia _c55 _dLúcia Elande |
||
| 942 |
_2AGRIS _n0 _cANA |
||
| 999 |
_c176853 _d176853 |
||